Statistics for All Australian 2023 Team

Click here to take the quiz!

General Stats

  • This quiz has been taken 5 times
  • The average score is 17 of 42

Answer Stats

TeamPlayers% Correct
Adelaide CrowsJordan Dawson
100%
Brisbane LionsCharlie Cameron
60%
Port Adelaide PowerConnor Rozee
60%
Carlton BluesJacob Weitering
60%
Collingwood MagpiesJosh Daicos
60%
Brisbane LionsLachie Neale
60%
Western Bulldogs (V-Capt.)Marcus Bontempelli
60%
Collingwood MagpiesNick Daicos
60%
Carlton BluesPatrick Cripps
60%
Adelaide CrowsTaylor Walker
60%
GWS GIANTS (Capt.)Toby Greene
60%
GWS GiantsTom Green
60%
Fremantle DockersCaleb Serong
40%
Carlton BluesCharlie Curnow
40%
Melbourne DemonsChristian Petracca
40%
Port Adelaide PowerDan Houston
40%
Collingwood MagpiesDarcy Moore
40%
Brisbane LionsHarris Andrews
40%
Collingwood MagpiesIsaac Quaynor
40%
Hawthorn HawksJames Sicily
40%
Brisbane LionsJoe Daniher
40%
Essendon BombersKyle Langford
40%
North Melbourne KangaroosNick Larkey
40%
Gold Coast SunsNoah Anderson
40%
GWS GiantsStephen Coniglio
40%
Essendon BombersZach Merrett
40%
Port Adelaide PowerZak Butters
40%
St Kilda SaintsCallum Wilkie
20%
Richmond TigersDustin Martin
20%
Sydney SwansErrol Gulden
20%
St Kilda SaintsJack Sinclair
20%
Melbourne DemonsJack Viney
20%
Collingwood MagpiesJordan de Goey
20%
Fremantle DockersLuke Jackson
20%
Fremantle DockersLuke Ryan
20%
Essendon BombersMason Redman
20%
Sydney SwansNick Blakey
20%
West Coast EaglesOscar Allen
20%
St Kilda SaintsRowan Marshall
20%
Western BulldogsTim English
20%
Western BulldogsTom Liberatore
20%
Geelong CatsTom Stewart
20%

Score Distribution

Percentile by Number Answered

Percent of People with Each Score

Your Score History

You have not taken this quiz